From what country is this kpop idol. - Statistics

General Stats
  • This quiz has been taken 180 times
  • The average score is 38 of 45
Answer Stats
Hint Answer % Correct
Bambam (got7) Thailand
100%
Lisa (blackpink) Thailand
100%
Minnie (g idle) Thailand
100%
Sitala (H1-KEY) Thailand
100%
Sorn (clc) Thailand
100%
Cheng Xiao (wjsn) China
97%
Hendery (nct) China
97%
Lucas (nct) China
97%
Ningning (aespa) China
97%
Xiaoting (Kep1er) China
97%
Yuqi (g idle) China
97%
Hitomi (iz*one) Japan
97%
Kazuha (le sserafim) Japan
97%
Momo (twice) Japan
97%
Niki (enhypen) Japan
97%
Rei (ive) Japan
97%
Sakura (iz*one, le sserafim) Japan
97%
Sana (twice) Japan
97%
Yuta (nct) Japan
97%
Danielle (newjeans) Australia
96%
Felix (straykids) Australia
96%
Lily (NMIXX) Australia
96%
Mark (nct) Canada
89%
Somi (ioi, soloist) Canada
89%
Rainie (bugAboo) Taiwan
89%
Shuhua ((g)i-dle) Taiwan
89%
Tzuyu (twice) Taiwan
89%
Alexa (soloist) Usa
88%
Jessica (snsd) Usa
88%
Johnny (nct) Usa
88%
Nancy (momoland) Usa
88%
Eunbi (iz*one, soloist) Korea
84%
Irene (red velvet) Korea
84%
J (stayc) Korea
84%
Key (shinee) Korea
84%
Winter (aespa) Korea
84%
Hanbin (TEMPEST) Vietnam
76%
Hanni (newjeans) Vietnam
76%
Jennie (blackpink) New Zealand
67%
Jackson (got7) Hong kong
59%
Vivi (loona) Hong kong
59%
Dita (secret number) Indonesia
53%
Fatou (blackswan) Senegal
36%
Chanty (lapillus) Phillipines
23%
Didi (Rumble-G) Myanmar
17%
No matching quizzes found
Score Distribution
Percent of People with Each Score
Percentile by Number Answered
Your Score History
You have not taken this quiz